00000000nam 2200000zi 4500
0019.933986
003CaOODSP
00520250107144059
006m     o  d f      
007cr mn|||||||||
008240215s1976    onc     os   f000 0 eng d
040 |aCaOODSP|beng|erda|cCaOODSP
043 |an-cn---
045 |ax7x7
0861 |aId40-4/1976E-PDF
24502|aA statistical profile of the plastics processing industry in Canada.
264 1|aOttawa : |bDepartment of Industry, Trade and Commerce, Chemicals Branch, |c1976.
300 |a1 online resource (ii, 81 pages)
336 |atext|btxt|2rdacontent
337 |acomputer|bc|2rdamedia
338 |aonline resource|bcr|2rdacarrier
500 |aIssued also in French under title: Rapport statistique de l'industrie de la fabrication du plastique au Canada.
500 |aDigitized edition from print [produced by Innovation, Science and Economic Development Canada].
650 0|aPlastics industry and trade|zCanada|vStatistics.
655 7|aStatistics|2lcgft
7101 |aCanada. |bDepartment of Industry, Trade and Commerce. |bChemicals Branch, |eissuing body.
77508|tRapport statistique de l'industrie de la fabrication du plastique au Canada.|w(CaOODSP)9.946551
85640|qPDF|s1.08 MB|uhttps://publications.gc.ca/collections/collection_2025/isde-ised/Id40-4-1976-eng.pdf